000 00550nam a2200193Ia 4500
005 20251113141733.0
008 230125s9999 xx 000 0 und d
041 _aeng
082 _a158.1
_bREN
100 _aRenaissance Strategic Consultants
_9214844
245 _a5 Steps to Making Spectacular Presentations
250 _a1st Ed.
260 _c2007
_bRenaissance Srategic Consultants
_aPune
300 _a106p
500 _aPersonality Development,
650 _aGeneral
700 _aRenaissance Strategic Consultants
_9214844
942 _cBK
999 _c84180
_d84180